|
|
|
|
| LEADER |
00000nab a2200000 ar4500 |
| 001 |
vtls009309207 |
| 003 |
SK-MaSNL |
| 005 |
20260303192924.0 |
| 008 |
080704c2007 xo zr|p|||||||000 b|slo |
| 015 |
|
|
|a SNBRB2008/07
|2 snkbucl
|
| 038 |
|
|
|a SNKBUCL
|
| 040 |
|
|
|a SNKBUCL
|b slo
|c SNKBUCL
|e AACR2
|
| 041 |
0 |
|
|a slo
|
| 044 |
|
|
|a xo
|c SK
|
| 080 |
|
|
|a 336.226.322:332
|2 2001
|
| 080 |
|
|
|a 332
|2 2001
|
| 100 |
1 |
|
|a Jurišová, Anna
|4 aut
|9 310665
|
| 245 |
1 |
0 |
|a Nehnuteľnosť z pohľadu zákona o DPH
|c Anna Jurišová
|
| 650 |
0 |
7 |
|a daň z pridanej hodnoty
|2 snkbucl
|9 2119
|
| 650 |
0 |
7 |
|a nehnuteľnosti
|2 snkbucl
|9 3653
|
| 773 |
0 |
|
|t Daňový a účtovný poradca podnikateľa
|g Č. 14 (2007), s. 75-84
|x 1335-0897
|
| 852 |
|
|
|a SNK
|b KIS3GCP
|
| 999 |
|
|
|c 2149441
|d 2151371
|